| 000 | 00968cam a2200241 4500 | ||
|---|---|---|---|
| 001 | sa 68012976 | ||
| 003 | DLC | ||
| 005 | 20260227112617.0 | ||
| 008 | 691112s1968 ii bs 000 0 eng | ||
| 010 | _asa 68012976 | ||
| 025 | _aPL480:I-E-9966 | ||
| 040 |
_aDLC _cDLC _dDLC |
||
| 050 | 0 | 0 |
_aLB3425.B6 _bS8 1968 |
| 082 | 0 | 0 | _a371.7/1/0954792 |
| 245 | 0 | 2 |
_aA survey of school children in Bombay City, _bwith special reference to their physical, physical efficiency, mental and nutritional status _c[by] K. V. Ramachandran [and others]. |
| 260 |
_aBombay, _aNew York, _bAsia Pub. House _c[1968] |
||
| 300 |
_axxiii, 232 p. _c25 cm. |
||
| 490 | 1 |
_aBombay. Demographic Training and Research Centre. Research monograph, _vno. 4 |
|
| 504 | _aIncludes bibliographies. | ||
| 650 | 0 |
_aSchool children _zIndia _zMumbai _vStatistics. |
|
| 700 | 1 |
_aRamachandran, K. V., _d1930- |
|
| 830 | 0 |
_aResearch monograph (Demographic Training and Research Centre (Bombay, India)) ; _vno. 4. |
|
| 999 |
_c84850 _d84850 |
||